1217 1548 1397 1182 1563 1871 1225 1040 1321 1614 1416 1716 1348 1762 1243 1377 1660 1843 1058 1320 1538 1815 1605 1976 1441 1764 1107 1064 1253 1975 1455 1958 1278 1170 1826 1960 1681 1127 1629 1211 1693 1927 1455 1256 1817 1206 1583 1385 1964 1197 1045 1153 1931 1011 1384 1629 1199 1877 1546 1363 1363 1634 1733 1806 1574 1486 1159 1346 1920 1649 1581 1380 1834 1434 1389 1743 1367 1697 1395 1797 1505 1588 1922 1754 1292 1145 1681 1653 1783 1895 1885 1923 1013 1351 1122 1377 1430 1292 1900 BCNSPRNW ULIB Ver.6.0+V

เปลี่ยนเป็นภาษาไทย

Change to English
 แสดงรายละเอียดบรรณานุกรม
  กลับหน้าหลัก

Brief Record : Get Marc (ISO 2709) : E-mail record : QR code < ปิดหน้าต่าง
LEADER : 00000nam 2200000uu 4500
001    13399120922
003     ULIB
008    121025s2553||||th 000 0 tha d
020    ^a9786165511889
060 04 ^aWS100^bน313O
245 00 ^a Best practice in pediatrics /cบรรณาธิการ, นวลจันทร์ปราบพาล ... [และคนอื่นๆ]
246 14 ^aการอบรมระยะสั้น กุมารเวชศาสตร์ 2553
250    ^aพิมพ์ครั้งที่ 1
260    ^aกรุงเทพฯ :^bภาควิชากุมารเวชศาสตร์ คณะแพทยศาสตร์จุฬาลงกรณ์มหาวิทยาลัย,^c2553
300    ^aix, 378 หน้า :^bภาพประกอบ ;^c27 ซม.
650  7 ^aกุมารเวชศาสตร์
700 0  ^aนวลจันทร์ ปราบพาล,^eบรรณาธิการ
710 2  ^aจุฬาลงกรณ์มหาวิทยาลัย. ^bคณะแพทยศาสตร์.^bภาควิชากุมารเวชศาสตร์
945    ^p0^l0^i19548
945    ^p0^l0^i17862
995    ^aเกษร
999    ^aใช้งานได้ทุกระบบ
รายการนี้ยังไม่มีแท็ก
คุณยังไม่ได้ล็อกอิน คุณสามารถมีกิจกรรมร่วมกับเว็บไซต์ได้ แต่ต้องล็อกอินก่อน ::
  ล็อกอิน

รายการสื่อสารสนเทศ

ลำดับที่ ประเภท เลขเรียก/บาร์โค้ด สถานที่ สถานะ
1. วิทยาศาสตร์การแพทย์ และสุขภาพ
วิทยาศาสตร์การแพทย์ และสุขภาพ
WS100 น313O  
  Barcode: 19548
ห้องสมุดวิทยาเขตนครสวรรค์
►ส่วนจัดเก็บหนังสือเก่า นว.
บนชั้น
  ขอยืม
2. วิทยาศาสตร์การแพทย์ และสุขภาพ
วิทยาศาสตร์การแพทย์ และสุขภาพ
WS100 น313O ฉ.2 
  Barcode: 17862
ห้องสมุดวิทยาเขตนครสวรรค์
►ส่วนจัดเก็บหนังสือเก่า นว.
บนชั้น
  ขอยืม

รายการใกล้เคียง
    ชื่อเรื่อง [Best practice in pediatrics /cบรรณาธิการ, นวลจันทร์ปราบพาล ... [และคนอื่นๆ]]

    หัวเรื่อง [กุมารเวชศาสตร์]

BibComment


ยังไม่เคยถูกคอมเมนท์

คอมเมนท์ทรัพยากรรายการนี้
  คอมเมนท์: Best practice i..


 Copyright 2026. Bcnsprnw @Library